00837cam a22002414a 45000010009000000050017000090080041000260100017000670200015000840400018000990410008001170420008001250800016001330820020001491000006001691010008001752450157001835040066003409060045004069420012004519990017004639520115004801204019920180221084558.0000614s2001 nju b 001 0 eng  a 00056119  a0137692331 aDLCcDLCdDLC aeng apcc a174..2 SAM00a174..2 SAM2211 a4 aSHM10aEthical, legal, and professional issues in the practice of marriage and family therapy /cSamuel T. Gladding, Theodore P. Remley, Jr., Charles H. Huber. aIncludes bibliographical references (p. 315-337) and indexes. a7bcbccorignewd1eocipf20gy-gencatlg 2ddccBK c43070d43070 00102udc40708PËKGa002b002cPËKGd2018-02-21l0o174..2 SAMp002-2999685r2018-02-21w2018-02-21yBK